000 00656nam a2200193 a 4500
005 20210219152640.0
008 991125s1976 bar 000 0 spa u
020 _a8432991058
035 _aUPN01000057795
049 _aCG
050 4 _aLC5373 M3
_bG3.9
100 1 _aGarcía Garrido, Manuel J.
245 1 3 _aLa Universidad Nacional de Educación a Distancia :
_bsu implantación y desarrollo inicial /
_cManuel J. García Garrido ; pról. José Luis Villar Palasi
260 _aBarcelona, Esp. :
_bCEAC,
_c1976
300 _a278 p. :
_bil.
610 2 4 _aUNIVERSIDAD NACIONAL DE EDUCACION A DISTANCIA (MADRID)
904 _aAC
_b057798
905 _aLibro
999 _c57795
_d57795